000 00570cam a22001697a 4500
008 180718b2001 xxu||||| |||| 00| 0 eng d
082 _aL1 D536
100 _aA Joint Training Programme on Public Finance Managment (Sep. 3-14, 2001: New Delhi); by Nand Dhameja and Vishwa N. Alok
245 _aProceedings
260 _aNew Delhi
_bIndian Institute of Public Administration
_c2001
300 _a2v.
500 _aContents: v.1. v.p.; v.2. v.p.
650 _aFinancial management
650 _aFinance, Public
700 _aAlok, N. Vishwa
700 _aDhameja, Nand
999 _c492646
_d492646